1694 1995 1066 1318 1946 1975 1921 1139 1537 1862 1969 1030 1997 1021 1187 1637 1150 1500 1049 1893 1168 1372 1293 1204 1730 1061 1265 1874 1073 1423 1549 1141 1692 1915 1460 1736 1675 1718 1619 1797 1988 1046 1952 1515 1816 1285 1999 1063 1067 1430 1786 1156 1273 1427 1796 1241 1082 1036 1208 1058 1490 1389 1770 1177 1430 1365 1774 1675 1394 1940 1325 1974 1470 1441 1561 1702 1843 1539 1543 1449 1324 1187 1334 1145 1964 1919 1267 1697 1901 1414 1637 1513 1207 1092 1768 1722 1355 1190 1772 BCNSPRNW ULIB Ver.6.0+V

เปลี่ยนเป็นภาษาไทย

Change to English
 แสดงรายละเอียดบรรณานุกรม
  กลับหน้าหลัก

Brief Record : Get Marc (ISO 2709) : E-mail record : QR code < ปิดหน้าต่าง
LEADER : 00000nam 2200000uu 4500
001    13399112448
003     ULIB
008    110627s2551||||th 000 0 tha d
020    9789743192678
090    นว.^bอ463M 2551
100 0  อะมีราห์
245 00 My Beloved Enemy...ปมรักในรอยแค้น/^cอะมีราห์
250    พิมพ์ครั้งที่ 2
260    กรุงเทพฯ :^bแจ่มใส,^c2551
300    168 หน้า
710 1  แจ่มใส
945    ^p129^l0^i030451
995    ทศพร
999 ^a ใช้งานได้ทุกระบบ
รายการนี้ยังไม่มีแท็ก
คุณยังไม่ได้ล็อกอิน คุณสามารถมีกิจกรรมร่วมกับเว็บไซต์ได้ แต่ต้องล็อกอินก่อน ::
  ล็อกอิน

รายการสื่อสารสนเทศ

ลำดับที่ ประเภท เลขเรียก/บาร์โค้ด สถานที่ สถานะ
- ไม่พบข้อมูล -

BibComment


ยังไม่เคยถูกคอมเมนท์

คอมเมนท์ทรัพยากรรายการนี้
  คอมเมนท์: My Beloved Enemyป..


 Copyright 2026. Bcnsprnw @Library